| 000 | 00000nam##2200000za#4500 |
| 001 | 9.577587 |
| 003 | CaOODSP |
| 005 | 20210624185701 |
| 007 | cr ||||||||||| |
| 008 | 150406|1980||||xxc|||||o f|0| 0 eng|d |
| 022 | |a1488-5379 |
| 040 | |aCaOODSP|beng |
| 043 | |an-cn--- |
| 086 | 1 |aFs97-6/977E-PDF |
| 110 | 1 |aCanada. |bDepartment of Fisheries and Oceans. |
| 245 | 12|aA survey of the red crab resource on the continental slope, N.E. Georges Bank and Western Scotian Shelf / |h[electronic resource]|cby H. Stone and R.F.J. Bailey. |
| 260 | |aSt. Andrews - New Brunswick : |bFisheries and Oceans Canada |c1980. |
| 300 | |a12p.|bfigs., references, tables |
| 490 | 1 |aCanadian technical report of fisheries and aquatic sciences|x1488-5379|vNo. 977 |
| 500 | |aOn t.p.: Biological Station, St. Andrews, New Brunswick. The catalogue number and ISSN for the print edition appear in the PDF version. |
| 546 | |a(Résumé en français) |
| 590 | |a13-24-Supp|b2013-10-18 |
| 720 | 1 |aStone, H. |
| 720 | 1 |aBailey, R. F. J. |
| 830 | #0|aCanadian technical report of fisheries and aquatic sciences,|x1488-5379|vNo. 977|w(CaOODSP)9.504449 |
| 856 | 40|ahttp://publications.gc.ca|qPDF|s1318 KB|uhttps://publications.gc.ca/collections/collection_2013/mpo-dfo/Fs97-6-977-eng.pdf|yNo. 977 |